NLSUI OPAC header image

Law and practice of mergers and aquisitions (Record no. 11787)

MARC details
000 -LEADER
fixed length control field 00416nam a2200157Ia 4500
008 - FIXED-LENGTH DATA ELEMENTS--GENERAL INFORMATION
fixed length control field 160316s1997 xxu||||| |||| 00| 0 eng d
082 ## - DEWEY DECIMAL CLASSIFICATION NUMBER
Classification number 346.066260
Item number THA
100 ## - MAIN ENTRY--PERSONAL NAME
Personal name Thakur Jayanth M
245 ## - TITLE STATEMENT
Title Law and practice of mergers and aquisitions
250 ## - EDITION STATEMENT
Edition statement
260 ## - PUBLICATION, DISTRIBUTION, ETC.
Place of publication, distribution, etc. Mumbai
Name of publisher, distributor, etc. Snow White
Date of publication, distribution, etc. 1997
300 ## - PHYSICAL DESCRIPTION
Extent 573p
Other physical details
Dimensions
365 ## - TRADE PRICE
Price amount 475/-
650 ## - SUBJECT ADDED ENTRY--TOPICAL TERM
Topical term or geographic name entry element 1.Corporate Law - Mergers - Acquisitions
700 ## - ADDED ENTRY--PERSONAL NAME
Personal name
--
Holdings
Withdrawn status Lost status Damaged status Not for loan Home library Current library Shelving location Date acquired Cost, normal purchase price Total Checkouts Full call number Barcode Date last seen Price effective from Koha item type
        . . Library Compactors 30.05.2017 475.00   346.06626 THA 12088 30.05.2017 30.05.2017 BOOKs